| 000 | 00436cam a22001217a 4500 | ||
|---|---|---|---|
| 008 | 180718b1986 xxu||||| |||| 00| 0 eng d | ||
| 082 | _aA81x54 In2/81/25/Pt2A&B | ||
| 100 | _aCensus of India 1981 | ||
| 245 | _aArunachal Pradesh: general population tables and primary census abstract | ||
| 260 |
_aDelhi _bController of Publications _c1986 |
||
| 300 | _a357+p. | ||
| 440 | _aCensus of India 1981. Series-25, Arunachal Pradesh. Part II A & B | ||
| 999 |
_c482568 _d482568 |
||